000 01353nam a22003137a 4500
001 6249
003 FISKH
005 20250407083142.0
008 250407b cb ||||| |||| 00| 0 eng d
020 _a9780590434119
040 _aFISKH
_beng
_cFISKH
_dFISKH
050 _a PZ7.D128 V
082 _a 813
100 _aDadey, Debbie
_d(1959-)
245 _aVampires don't wear Polka dots /
_cBy Debbie Dadey and Marcia Jones ; Illustrated by John Steven Gurney
250 _aThis edition first published in 1990
260 _aNew York :
_bScholastic,
_c1990
300 _a78 pages :
_billustrations ;
_c20 cm
490 _aThe Bauley school kids ;
_vLevel 1
505 _aN
520 _aThe kids in the third grade at Bailey Elementary are so hard to handle that all of their teachers have quit. But their new teacher, Mrs. Jeepers, is different to say the least. She's just moved from the Transylvanian Alps and she seems to have some strange powers that help her deal with these mischief-makers. Her methods may be a little unconventional, but, then again, Mrs. Jeepers may be just what the Bailey School kids need.
521 8 _a540
_bLexile
521 8 _aN
_bRaz-Plus
650 _2School
_aFiction
_vSeries
650 _2Mystery
_aChildren
700 _aGurney, Steven John
_dillustrator
942 _2ddc
_cBK
_n0
999 _c6249
_d6249